01238 a2200229 45000010006000000050017000060080041000230030015000640400040000790800029001192450032001480200018001802640051001983000019002495050531002680410008007999420007008075900036008141000031008509990015008819520112008965428620260407155814.0260407a1991 arg spa dAR-UNSa-BCEJYS aAR-UNSa-BCEJYSbspacAR-UNSa-BCEJYS a339.744xConvertibilidad10aConvertibilidad del austral a950-572-212-5 1aBuenos Aires :bVíctor P. de Zavalíac1991 a225 p.c23 cm. a1. Aspectos económicos y jurídicos de la Ley de convertibilidad – 2. Las obligaciones en moneda extranjera luego de la ley de convertibilidad del austral 23.928 – 3. Ley de convertibilidad y desindexación – 4. La Ley de convertibilidad y los procesos en trámite – 5. Locaciones en moneda extranjera – 6. Intereses. Un examen sobre su naturaleza, con particular énfasis en las tasas equivalentes, el anatocismo y con variable de ajuste – 7. La convertibilidad del austral y las obligaciones de dar dinero. aspa cBK aniveau_biblio:m niveau_hierar:01 aMoisset de Espanés, Luis c5455d5455 00104070aBCEJYSbBCEJYSc16d2026-04-07l0o339.744 M714 v.1pL58743r2026-04-07 15:58:14w2026-04-07yL